000 002920000a22000970004500
100 1 _aHolmberg, Bengt
245 1 0 _aQuestions of method in James Dunn's Jesus remembered
300 _aVol. 26, Núm 4 (2004), Páginas 445-457
773 0 _tJournal for the Study of the New Testament
942 _cANA
999 _c55444
_d55444